ՀՀ Գիտությունների ազգային ակադեմիայի հիմնարար գիտական գրադարան  =   Fundamental Scientific Library of NAS RA

Гамбург : (Record no. 146737)

MARC details
000 -LEADER
fixed length control field 01026nam a2200229 a 4500
001 - CONTROL NUMBER
control field 000385291
003 - CONTROL NUMBER IDENTIFIER
control field AM-YeHGA
005 - DATE AND TIME OF LATEST TRANSACTION
control field 20250617132207.0
008 - FIXED-LENGTH DATA ELEMENTS--GENERAL INFORMATION
fixed length control field 041119s1983 |||a r 000 0 rus d
040 ## - CATALOGING SOURCE
Original cataloging agency AM-YeHGA
041 0# - LANGUAGE CODE
Language code of text/sound track or separate title rus
090 ## - LOCALLY ASSIGNED LC-TYPE CALL NUMBER (OCLC); LOCAL CALL NUMBER (RLIN)
-- 148124
100 1# - MAIN ENTRY--PERSONAL NAME
Personal name Булдаков, Геннадий Никанорович.
245 10 - TITLE STATEMENT
Title Гамбург :
Remainder of title Города - побратимы Ленинграда /
Statement of responsibility, etc. Г.Н. Булдаков, Н.Я. Лейбошиц; Ленингр. орг. Союза архитекторов СССР.
260 ## - PUBLICATION, DISTRIBUTION, ETC.
Place of publication, distribution, etc. Ленинград :
Name of publisher, distributor, etc. Стройиздат. Ленингр. отд-ние,
Date of publication, distribution, etc. 1983.
300 ## - PHYSICAL DESCRIPTION
Extent 102 с. :
Other physical details ил.
650 14 - SUBJECT ADDED ENTRY--TOPICAL TERM
Topical term or geographic name entry element Немецкая архитектура
653 0# - INDEX TERM--UNCONTROLLED
Uncontrolled term Гамбург - Архитектура
653 0# - INDEX TERM--UNCONTROLLED
Uncontrolled term Города - Архитектура - Гамбург
700 1# - ADDED ENTRY--PERSONAL NAME
Personal name Лейбошиц, Нелли Яковлевна
710 2# - ADDED ENTRY--CORPORATE NAME
Corporate name or jurisdiction name as entry element Ленинградская организация Союза архитекторов СССР
Holdings
Withdrawn status Lost status Damaged status Not for loan Collection Home library Current library Date acquired Total checkouts Full call number Barcode Date last seen Price effective from Koha item type Public note
        General Fundamental Scientific Library Fundamental Scientific Library 22/12/2016   711.43 110052677 22/12/2016 22/12/2016 Գրքեր / Books Two weeks Loan


ՀՀ ԳԱԱ հիմնարար գիտական գրադարան
ՀՀ,Երևան 0019
Մարշալ Բաղրամյան 24/6
հեռախոս:(374-10) 52-47-50
Հետադարձ կապ

All site content, except where otherwise noted, is licensed under a
Creative Commons License